[Event "Titled Tue 24th Jun Early"]
[Site "chess.com INT"]
[Date "2025.06.24"]
[Round "10"]
[White "Sitnic, Adnan"]
[Black "Khoo-Thwe, Louis"]
[Result "0-1"]
[WhiteTitle "CM"]
[BlackTitle "CM"]
[WhiteElo "2058"]
[BlackElo "2214"]
[WhiteFideId "14403854"]
[BlackFideId "1538756"]
[EventDate "2025.06.24"]

1. e4 e5 2. Nf3 Nc6 3. Bb5 a6 4. Ba4 Nf6 5. O-O Be7 6. Re1 b5 7. Bb3 d6 8. c3
O-O 9. h3 Na5 10. Bc2 c5 11. d4 Qc7 12. Nbd2 cxd4 13. cxd4 Rd8 14. Nf1 exd4 15.
Nxd4 d5 16. e5 Ne4 17. Bxe4 dxe4 18. Rxe4 Bb7 19. Rg4 Qxe5 20. Bh6 Bf6 21. Ne3
Rxd4 22. Qb1 Rxg4 23. Nxg4 Qe6 24. Be3 Nc4 25. a4 Nxe3 26. Nxe3 Bd4 27. axb5
Bxe3 28. fxe3 Qxe3+ 29. Kh2 Qf4+ 30. Kg1 Qe3+ 31. Kh2 Qf2 32. Qh1 axb5 33. Rxa8+
Bxa8 34. b4 Qf4+ 35. Kg1 Qc1+ 36. Kh2 Qxh1+ 37. Kxh1 Kf8 38. Kg1 Ke7 39. Kf2 Kd6
40. Ke3 Ke5 41. g3 Bg2 42. h4 h5 43. Kd3 f6 44. Ke3 g5 45. hxg5 fxg5 46. Kf2 Bd5
47. Ke3 h4 48. gxh4 gxh4 49. Kf2 Kd4 0-1

[Event "Titled Tue 24th Jun Early"]
[Site "chess.com INT"]
[Date "2025.06.24"]
[Round "10"]
[White "Katishonok, Nikolaj"]
[Black "Pournami S"]
[Result "0-1"]
[WhiteTitle "FM"]
[BlackTitle "WCM"]
[WhiteElo "2004"]
[BlackElo "1749"]
[WhiteFideId "11600225"]
[BlackFideId "25732439"]
[EventDate "2025.06.24"]

1. d4 Nf6 2. c4 e6 3. Nc3 d5 4. Bg5 Be7 5. e3 O-O 6. Nf3 h6 7. Bh4 b6 8. Rc1 Bb7
9. a3 Nbd7 10. Be2 dxc4 11. Bxc4 c5 12. O-O Rc8 13. Qe2 Bxf3 14. gxf3 cxd4 15.
exd4 Nh5 16. Bg3 Bg5 17. Ba6 Bxc1 18. Bxc8 Bf4 19. Ba6 Qg5 20. Ne4 Qg6 21. Bb5
Ndf6 22. Rd1 Nd5 23. Bc6 Rd8 24. Qa6 f5 25. Qxa7 fxe4 26. fxe4 Nxg3 27. hxg3
Bxg3 28. exd5 Bb8+ 29. Kf1 Bxa7 0-1

[Event "Titled Tue 24th Jun Early"]
[Site "chess.com INT"]
[Date "2025.06.24"]
[Round "10"]
[White "Storn, Justin"]
[Black "Smirnov, Alexandr A."]
[Result "1-0"]
[BlackTitle "FM"]
[WhiteElo "2073"]
[BlackElo "2136"]
[WhiteFideId "30922720"]
[BlackFideId "24104396"]
[EventDate "2025.06.24"]

1. c4 Nf6 2. a3 g6 3. b4 Bg7 4. Bb2 d6 5. d4 O-O 6. Nd2 c5 7. dxc5 dxc5 8. e3 a5
9. b5 Bf5 10. Ngf3 Nbd7 11. Be2 Nb6 12. O-O Ne4 13. Bxg7 Kxg7 14. Nxe4 Bxe4 15.
Qb3 Qc7 16. Qc3+ f6 17. Ng5 Bf5 18. Bf3 e5 19. Ne4 Rfd8 20. Rfd1 Bxe4 21. Bxe4
Rxd1+ 22. Rxd1 Rd8 23. Rxd8 Qxd8 24. g3 Qd1+ 25. Kg2 Qa4 26. Bxb7 Nxc4 27. Bd5
Nxa3 28. b6 Nb5 29. Qxc5 e4 30. b7 Qd1 31. Bxe4 Nd6 32. b8=Q Nxe4 33. Qb7+ 1-0

[Event "Titled Tue 24th Jun Early"]
[Site "chess.com INT"]
[Date "2025.06.24"]
[Round "10"]
[White "Teterev, Vitaly"]
[Black "Ben Ari, Yannay"]
[Result "0-1"]
[WhiteTitle "GM"]
[BlackTitle "IM"]
[WhiteElo "2248"]
[BlackElo "2450"]
[WhiteFideId "13501429"]
[BlackFideId "2815222"]
[EventDate "2025.06.24"]

1. e4 c5 2. Nf3 e6 3. g3 d5 4. exd5 exd5 5. d4 cxd4 6. Nxd4 Nc6 7. Bb5 Bd7 8.
O-O Bc5 9. Nb3 Bb6 10. Qxd5 Nge7 11. Qh5 O-O 12. Nc3 a6 13. Bd3 Ng6 14. Bg5 f6
15. Bd2 Nce5 16. Bf5 Bc6 17. Be4 Bxe4 18. Nxe4 Qd5 19. Qe2 f5 20. Nc3 Nf3+ 21.
Kh1 Qc6 22. Be3 Nd4+ 0-1

[Event "Titled Tue 24th Jun Early"]
[Site "chess.com INT"]
[Date "2025.06.24"]
[Round "10"]
[White "Shevchenko, Yaroslav"]
[Black "Verbova, Elena"]
[Result "1-0"]
[BlackTitle "WFM"]
[WhiteElo "2179"]
[BlackElo "2033"]
[WhiteFideId "34144684"]
[BlackFideId "14203677"]
[EventDate "2025.06.24"]

1. e4 c5 2. Nf3 e6 3. c4 Nc6 4. Nc3 e5 5. g3 g6 6. Bg2 Bg7 7. O-O Nge7 8. Ne1
O-O 9. Nc2 d6 10. Ne3 Nd4 11. f4 exf4 12. gxf4 Rb8 13. d3 f5 14. Ned5 Nec6 15.
Rb1 Qh4 16. Be3 fxe4 17. dxe4 Bh3 18. Bf2 Qh6 19. Bg3 b5 20. cxb5 Nxb5 21. Nxb5
Rxb5 22. Nc3 Bxc3 23. bxc3 Rxb1 24. Qd5+ Kh8 25. Rxb1 Bxg2 26. Kxg2 Rc8 27. Qxd6
Qg7 28. e5 h5 29. Bh4 Kh7 30. Bf6 Qf7 31. c4 Nd4 32. Qd5 Rc7 33. Rb8 g5 34. Qe4+ 1-0

[Event "Titled Tue 24th Jun Early"]
[Site "chess.com INT"]
[Date "2025.06.24"]
[Round "10"]
[White "Wan, Yunguo"]
[Black "Salonen, Aku"]
[Result "1-0"]
[WhiteTitle "GM"]
[BlackTitle "FM"]
[WhiteElo "2501"]
[BlackElo "2330"]
[WhiteFideId "8603189"]
[BlackFideId "517577"]
[EventDate "2025.06.24"]

1. Nf3 Nf6 2. g3 e6 3. Bg2 d5 4. O-O Be7 5. d3 O-O 6. a4 b6 7. e4 dxe4 8. dxe4
Bb7 9. Nfd2 Qc8 10. Nc3 Nbd7 11. a5 Rd8 12. Re1 Ne5 13. Qe2 Ba6 14. Qd1 Bb4 15.
h3 Nc4 16. e5 Bxc3 17. bxc3 Nd5 18. Qf3 Nxa5 19. Ne4 Nc6 20. Ng5 Rf8 21. Qe4 g6
22. Qh4 h5 23. Ba3 Rd8 24. c4 Nde7 25. Qf4 Rf8 26. Bxe7 Nxe7 27. Bxa8 Qxa8 28.
Rxa6 1-0

[Event "Titled Tue 24th Jun Early"]
[Site "chess.com INT"]
[Date "2025.06.24"]
[Round "10"]
[White "Mishra, Manoj"]
[Black "Sipila, Vilka"]
[Result "0-1"]
[WhiteTitle "CM"]
[BlackTitle "IM"]
[WhiteElo "1941"]
[BlackElo "2465"]
[WhiteFideId "5006007"]
[BlackFideId "505455"]
[EventDate "2025.06.24"]

1. d4 g6 2. Nc3 Bg7 3. e4 b6 4. h4 h6 5. Be3 Bb7 6. f3 Nc6 7. Qd2 e6 8. O-O-O d5
9. exd5 exd5 10. Bb5 a6 11. Bd3 Qd7 12. h5 g5 13. Nge2 O-O-O 14. Ng3 Nge7 15.
Nce2 f5 16. f4 g4 17. c3 Rhf8 18. Qc2 Kb8 19. Rhe1 Rf7 20. Kb1 Rdf8 21. Nc1 Nc8
22. Qe2 Ka7 23. Bc2 Nd6 24. Bb3 Na5 25. Nd3 Nxb3 26. axb3 Ne4 27. Nxe4 fxe4 28.
Ne5 Bxe5 29. fxe5 g3 30. Rf1 a5 31. Rxf7 Rxf7 32. Bxh6 Ba6 33. Qe3 Qg4 34. Rd2
Qxh5 35. Bf4 Qh4 36. Bxg3 Rf1+ 37. Ka2 Qh1 0-1

[Event "Titled Tue 24th Jun Early"]
[Site "chess.com INT"]
[Date "2025.06.24"]
[Round "10"]
[White "Mata Gonzalez, Jose Fernando"]
[Black "Watanabe, Akira"]
[Result "1-0"]
[WhiteTitle "CM"]
[BlackTitle "FM"]
[WhiteElo "2164"]
[BlackElo "2284"]
[WhiteFideId "5107423"]
[BlackFideId "7000227"]
[EventDate "2025.06.24"]

1. e4 c5 2. d3 e6 3. f4 d5 4. Nf3 Nf6 5. e5 Nfd7 6. c3 Nc6 7. d4 Be7 8. Bd3 Qb6
9. Bc2 cxd4 10. cxd4 Nb4 11. Nc3 Nxc2+ 12. Qxc2 O-O 13. h4 Qa6 14. Ng5 g6 15.
Nxh7 Kxh7 16. h5 Kg7 17. hxg6 fxg6 18. f5 Rxf5 19. Bh6+ Kf7 20. O-O-O Bf8 21. g4
Rf3 22. Bxf8 Nxf8 23. Qg2 Rf4 24. Qg3 g5 25. Rh5 Bd7 26. Rxg5 Rf1 27. Qg2 Rxd1+
28. Kxd1 Qd3+ 29. Kc1 Qxd4 30. Qf3+ Ke8 31. Rg8 Qc5 32. g5 d4 33. g6 dxc3 34.
Qf7+ Kd8 35. Qxf8+ Qxf8 36. Rxf8+ 1-0

[Event "Titled Tue 24th Jun Early"]
[Site "chess.com INT"]
[Date "2025.06.24"]
[Round "10"]
[White "Li, Yilin"]
[Black "Mateus, Martha"]
[Result "1-0"]
[WhiteTitle "WFM"]
[BlackTitle "WIM"]
[WhiteElo "1922"]
[BlackElo "1972"]
[WhiteFideId "8610410"]
[BlackFideId "4401549"]
[EventDate "2025.06.24"]

1. e4 c5 2. Nf3 Nc6 3. c3 d5 4. exd5 Nf6 5. dxc6 bxc6 6. Bc4 e6 7. O-O Bd6 8. d3
O-O 9. Bg5 h6 10. Bh4 Be7 11. Nbd2 Nd5 12. Bxe7 Qxe7 13. Re1 Rd8 14. Qa4 Nb6 15.
Qc2 Nd5 16. d4 cxd4 17. Nxd4 Bb7 18. Bxd5 cxd5 19. N2f3 Rac8 20. Qe2 Qd6 21. Qe5
Qxe5 22. Rxe5 Ba6 23. Nd2 Rb8 24. N2b3 Bc4 25. Rae1 Rb6 26. f4 g6 27. g4 a5 28.
Nxa5 Rxb2 29. Nxc4 dxc4 30. R1e2 Rb1+ 31. Kg2 Rc1 32. R5e3 Rb8 33. f5 gxf5 34.
gxf5 e5 35. Nc6 Rbb1 36. Nxe5 Rg1+ 37. Kf3 1-0

[Event "Titled Tue 24th Jun Early"]
[Site "chess.com INT"]
[Date "2025.06.24"]
[Round "10"]
[White "Adewumi, Tanitoluwa"]
[Black "Cuenca Jimenez, Jose Fernando"]
[Result "1-0"]
[WhiteTitle "FM"]
[BlackTitle "GM"]
[WhiteElo "2362"]
[BlackElo "2487"]
[WhiteFideId "30966396"]
[BlackFideId "2255570"]
[EventDate "2025.06.24"]

1. Nf3 Nf6 2. b3 d5 3. Bb2 Bf5 4. g3 e6 5. Bg2 Be7 6. O-O O-O 7. d3 a5 8. a3 a4
9. b4 c5 10. bxc5 Bxc5 11. Nbd2 Nc6 12. c4 d4 13. Nh4 Bg4 14. h3 Bh5 15. g4 Nd7
16. Ndf3 Bg6 17. Nxg6 hxg6 18. Qd2 e5 19. Ng5 Na5 20. f4 Nb3 21. Qe1 exf4 22.
Qh4 Nf6 23. Rxf4 Re8 24. Rxf6 Qxf6 25. Rf1 Qxg5 26. Qxg5 Rxe2 27. Bd5 Rf8 28.
Bc1 Nxc1 29. Rxc1 Bxa3 30. Rf1 Be7 31. Qxg6 Re5 32. Rxf7 Rxd5 1-0

[Event "Titled Tue 24th Jun Early"]
[Site "chess.com INT"]
[Date "2025.06.24"]
[Round "10"]
[White "Murthy, Pappu"]
[Black "Boramanikar, Tanisha S"]
[Result "1-0"]
[BlackTitle "WCM"]
[WhiteElo "1838"]
[BlackElo "1743"]
[WhiteFideId "2013401"]
[BlackFideId "35023454"]
[EventDate "2025.06.24"]

1. e4 c5 2. d4 cxd4 3. c3 Nf6 4. e5 Nd5 5. cxd4 Nc6 6. Nf3 d6 7. Bc4 e6 8. O-O
Be7 9. Qe2 O-O 10. Nc3 dxe5 11. dxe5 Nxc3 12. bxc3 a6 13. Rd1 Qa5 14. Bf4 Qxc3
15. Rac1 Qa5 16. Qe4 Nb4 17. Ng5 Bxg5 18. Bxg5 h6 19. Bd2 Qa3 20. Rc3 Qa4 21.
Bb3 Qb5 22. Rg3 Nd5 23. Bxh6 g6 24. Rxg6+ 1-0

[Event "Titled Tue 24th Jun Early"]
[Site "chess.com INT"]
[Date "2025.06.24"]
[Round "10"]
[White "Damaraju, Ashwin"]
[Black "Ochedzan, Filip"]
[Result "1-0"]
[BlackTitle "CM"]
[WhiteElo "2084"]
[BlackElo "1983"]
[WhiteFideId "39908348"]
[BlackFideId "21892610"]
[EventDate "2025.06.24"]

1. e4 g6 2. Nc3 Bg7 3. f4 d6 4. Bc4 e6 5. Bb3 Ne7 6. Nf3 c5 7. O-O Nbc6 8. d3
O-O 9. Qe1 d5 10. Qh4 d4 11. Ne2 f5 12. Ng5 h6 13. Bxe6+ Kh8 14. Nf7+ Rxf7 15.
Bxf7 Qd6 16. Ng3 Be6 17. Bxe6 Qxe6 18. Bd2 Kh7 19. Rae1 Qd7 20. Qh3 Rf8 21. Re2
b5 22. Rfe1 c4 23. exf5 Nxf5 24. Nxf5 Rxf5 25. g4 Rf7 26. f5 Ne7 27. Re6 gxf5
28. Bxh6 Kg8 29. Bg5 Nd5 30. gxf5 Ne3 31. f6 Qd5 32. Re8+ Bf8 33. Bxe3 dxe3 34.
R1xe3 Rxf6 35. Qg2+ Qxg2+ 36. Kxg2 cxd3 37. cxd3 Kf7 38. Rxf8+ Kxf8 39. Rf3 Rxf3
40. Kxf3 1-0

[Event "Titled Tue 24th Jun Early"]
[Site "chess.com INT"]
[Date "2025.06.24"]
[Round "10"]
[White "Adhiban, Baskaran"]
[Black "Tikhonov, Viacheslav"]
[Result "1-0"]
[WhiteTitle "GM"]
[BlackTitle "CM"]
[WhiteElo "2509"]
[BlackElo "2183"]
[WhiteFideId "5018471"]
[BlackFideId "44196407"]
[EventDate "2025.06.24"]

1. d4 Nf6 2. c4 g6 3. Nc3 d5 4. cxd5 Nxd5 5. e4 Nxc3 6. bxc3 Bg7 7. Bc4 c5 8.
Ne2 O-O 9. O-O Nc6 10. Be3 e6 11. Qd2 cxd4 12. cxd4 Na5 13. Bd3 b6 14. h4 Bb7
15. h5 Rc8 16. h6 Bf6 17. Rac1 Qd7 18. Bg5 Qe7 19. Be3 Qd7 20. Rxc8 Rxc8 21. Rc1
Be7 22. Rxc8+ Qxc8 23. Bg5 Bf8 24. Qf4 Nc6 25. Bb5 Qd7 26. Bf6 a6 27. Bxc6 Qxc6
28. f3 Qd7 29. Be5 Be7 30. Ng3 Qc6 31. Kh2 Qc2 32. Bf6 Bf8 33. Nh5 Qc6 34. Be5
Be7 35. Nf6+ Kh8 36. Nd5+ 1-0

[Event "Titled Tue 24th Jun Early"]
[Site "chess.com INT"]
[Date "2025.06.24"]
[Round "10"]
[White "Livaic, Leon"]
[Black "Lopez Rayo, Santiago"]
[Result "0-1"]
[WhiteTitle "GM"]
[BlackTitle "FM"]
[WhiteElo "2550"]
[BlackElo "2282"]
[WhiteFideId "14531534"]
[BlackFideId "4455665"]
[EventDate "2025.06.24"]

1. d3 d5 2. Nf3 Nf6 3. Nbd2 c5 4. e4 Nc6 5. g3 g6 6. Bg2 Bg7 7. O-O dxe4 8. dxe4
O-O 9. c3 Nd7 10. Qe2 b6 11. Rd1 Qc7 12. h4 a5 13. a4 Ba6 14. Qe3 Nde5 15. Nxe5
Nxe5 16. Nf3 Rfd8 17. Rxd8+ Rxd8 18. Nxe5 Rd1+ 19. Kh2 Bxe5 20. Bf3 Rd3 21. Qe2
Rxc3 22. Qxa6 Rxf3 23. Kg2 Rf6 24. Bh6 Rd6 25. b4 Bxa1 26. bxa5 bxa5 27. Qb5 Rd8
28. Bf4 Be5 29. Be3 Bd4 30. Bf4 e5 31. Bg5 Rb8 32. Qc4 Qc6 33. f3 Rb2+ 34. Kh3
Qe6+ 0-1

[Event "Titled Tue 24th Jun Early"]
[Site "chess.com INT"]
[Date "2025.06.24"]
[Round "10"]
[White "Bluebaum, Matthias"]
[Black "Howell, David W L"]
[Result "1-0"]
[WhiteTitle "GM"]
[BlackTitle "GM"]
[WhiteElo "2663"]
[BlackElo "2668"]
[WhiteFideId "24651516"]
[BlackFideId "410608"]
[EventDate "2025.06.24"]

1. d4 d5 2. c4 c6 3. Nf3 Nf6 4. Nc3 dxc4 5. e4 b5 6. Qc2 e6 7. Be2 Nbd7 8. O-O
Bb7 9. b3 b4 10. e5 Nd5 11. Bg5 Qb8 12. Nxd5 cxd5 13. bxc4 dxc4 14. Bxc4 h6 15.
Bxe6 hxg5 16. Nxg5 fxe6 17. Qg6+ Kd8 18. Qxe6 Nc5 19. dxc5 Kc7 20. c6 Bc8 21.
Qd5 Rh6 22. Rfd1 Qb6 23. Qd8+ Kxc6 24. Qxf8 Bg4 25. Qxa8+ 1-0

[Event "Titled Tue 24th Jun Early"]
[Site "chess.com INT"]
[Date "2025.06.24"]
[Round "10"]
[White "Ben Artzi, Ido"]
[Black "Ladan, Nicholas"]
[Result "1-0"]
[WhiteTitle "IM"]
[WhiteElo "2339"]
[BlackElo "2218"]
[WhiteFideId "2810913"]
[BlackFideId "30918855"]
[EventDate "2025.06.24"]

1. d4 d5 2. c4 e6 3. Nc3 Bb4 4. Nf3 Nf6 5. Qc2 O-O 6. Bg5 h6 7. Bxf6 Qxf6 8. e3
c5 9. cxd5 exd5 10. a3 Bxc3+ 11. Qxc3 c4 12. b3 Be6 13. bxc4 dxc4 14. Be2 Bd5
15. O-O Rc8 16. Nd2 b5 17. e4 Bb7 18. f4 Qb6 19. Kh1 Nc6 20. Nf3 a5 21. d5 Ne7
22. Rab1 Qc5 23. Nd4 Bxd5 24. Rxb5 Qd6 25. exd5 Nxd5 26. Qf3 Nc7 27. Nf5 Qf6 28.
Re5 Ne6 29. Bxc4 Nxf4 30. Qxf4 Rxc4 31. Nxh6+ 1-0

[Event "Titled Tue 24th Jun Early"]
[Site "chess.com INT"]
[Date "2025.06.24"]
[Round "10"]
[White "Exposito Milan, Adrian"]
[Black "Silva, Pedro Gil Ferreira Da"]
[Result "1-0"]
[WhiteTitle "FM"]
[BlackTitle "FM"]
[WhiteElo "2179"]
[BlackElo "2269"]
[WhiteFideId "24556645"]
[BlackFideId "1946102"]
[EventDate "2025.06.24"]

1. e4 c5 2. Nf3 e6 3. d4 cxd4 4. Nxd4 Nc6 5. Nc3 Qc7 6. a3 a6 7. Nxc6 bxc6 8.
Qg4 Nf6 9. Qg3 Qxg3 10. hxg3 d5 11. Bd3 a5 12. e5 Nd7 13. f4 Ba6 14. g4 Bxd3 15.
cxd3 Nc5 16. Ke2 Rb8 17. Rb1 Nb3 18. Na4 Be7 19. g5 O-O 20. Be3 Rb5 21. d4 c5
22. Rhd1 c4 23. Rh1 Rfb8 24. Rh3 Bf8 25. Rbh1 h6 26. gxh6 gxh6 27. f5 exf5 28.
Nc3 a4 29. Nxb5 Rxb5 30. Rf1 Na5 31. Bc1 Nb3 32. Be3 Na5 33. Rxf5 Rxb2+ 34. Kf3
c3 35. Rg3+ Bg7 36. Bxh6 c2 37. Rxg7+ Kh8 38. Rfxf7 Rb3+ 39. Kg4 Rb8 40. Rh7+
Kg8 41. Rfg7+ Kf8 42. Rh8# 1-0

[Event "Titled Tue 24th Jun Early"]
[Site "chess.com INT"]
[Date "2025.06.24"]
[Round "10"]
[White "Chiang, Jacob"]
[Black "Andrade, Ivan"]
[Result "1-0"]
[BlackTitle "FM"]
[WhiteElo "2006"]
[BlackElo "2144"]
[WhiteFideId "30962331"]
[BlackFideId "14800039"]
[EventDate "2025.06.24"]

1. c4 Nf6 2. Nc3 e5 3. g3 Nc6 4. Bg2 Bc5 5. a3 a5 6. Nf3 O-O 7. O-O d6 8. e3 Bg4
9. h3 Bh5 10. g4 Bg6 11. d4 exd4 12. exd4 Bb6 13. Bg5 Ne7 14. Bxf6 gxf6 15. Re1
f5 16. g5 Bh5 17. Qd3 Re8 18. Nh4 Qd7 19. Nd5 Nxd5 20. cxd5 Rxe1+ 21. Rxe1 f4
22. Nf5 Re8 23. Nh6+ Kh8 24. Re4 Bg6 25. Rxe8+ Qxe8 26. Qd2 Kg7 27. Qxf4 Qe7 28.
h4 f6 29. Ng4 fxg5 30. hxg5 Qf7 31. Qh2 Bxd4 32. Qh6+ Kh8 33. b4 axb4 34. axb4
Qf5 35. Ne3 Qf7 36. Bh3 c6 37. Be6 Qf4 38. dxc6 bxc6 39. Bf5 Bg7 40. Qh3 Qxg5+
41. Kf1 Bxf5 42. Nxf5 Qc1+ 43. Kg2 Qg5+ 44. Kh1 Qc1+ 45. Kg2 Qg5+ 46. Ng3 Qf4
47. Qc8+ Qf8 48. Qxc6 Be5 49. b5 Qd8 50. b6 d5 51. b7 d4 52. Qe4 Qb8 53. Nf5
Qg8+ 54. Kf1 Qb8 55. Ne7 Qc7 56. Nc6 Qb6 57. Qxe5+ 1-0

[Event "Titled Tue 24th Jun Early"]
[Site "chess.com INT"]
[Date "2025.06.24"]
[Round "10"]
[White "Yushko, Olga"]
[Black "Guerrero Cataldo, Juan Andres"]
[Result "1-0"]
[WhiteTitle "WFM"]
[BlackTitle "CM"]
[WhiteElo "2033"]
[BlackElo "2082"]
[WhiteFideId "14114500"]
[BlackFideId "3421260"]
[EventDate "2025.06.24"]

1. d4 Nf6 2. c4 g6 3. Nc3 d5 4. cxd5 Nxd5 5. e4 Nxc3 6. bxc3 Bg7 7. Bc4 c5 8.
Ne2 Nc6 9. Be3 cxd4 10. cxd4 Qa5+ 11. Qd2 Qxd2+ 12. Kxd2 O-O 13. Rab1 Rd8 14. d5
e6 15. Rhd1 Na5 16. Rbc1 Nxc4+ 17. Rxc4 exd5 18. exd5 Rxd5+ 19. Ke1 Rxd1+ 20.
Kxd1 Be6 21. Rc7 Bxa2 22. Rxb7 a5 23. Ra7 Bb3+ 24. Kc1 Rc8+ 25. Kb1 a4 26. Nd4
Bd1 27. Ka2 Rd8 28. Nc6 Bb3+ 29. Ka3 Bf8+ 30. Kb2 Rd1 31. Ra8 Bd5 32. Bh6 a3+
33. Kc2 1-0

[Event "Titled Tue 24th Jun Early"]
[Site "chess.com INT"]
[Date "2025.06.24"]
[Round "10"]
[White "Zhigalko, Sergei"]
[Black "Roebers, Eline"]
[Result "1/2-1/2"]
[WhiteTitle "GM"]
[BlackTitle "IM"]
[WhiteElo "2572"]
[BlackElo "2356"]
[WhiteFideId "13502956"]
[BlackFideId "1058401"]
[EventDate "2025.06.24"]

1. e4 d6 2. d4 Nf6 3. Nc3 e5 4. Nf3 Nbd7 5. Bc4 Be7 6. O-O O-O 7. Re1 c6 8. a4
h6 9. h3 Re8 10. Be3 Qc7 11. Ba2 Nf8 12. Nh4 Nxe4 13. Nxe4 Bxh4 14. Qh5 d5 15.
Qxh4 dxe4 16. Qxe4 Be6 17. Bxe6 Rxe6 18. Rad1 exd4 19. Qxd4 b6 20. Rd2 Rae8 21.
Red1 Re4 22. Qd6 Qxd6 23. Rxd6 c5 24. a5 Rb4 25. b3 Ne6 26. a6 c4 27. Rd7 Ra8
28. Re7 cxb3 29. cxb3 Nf8 30. Rc1 Ne6 31. Rd1 Nf8 32. Rd3 Rb5 33. Rc3 Ne6 34.
Rd3 Nf8 35. Rb7 Ra5 36. Rc3 Ne6 37. Rd3 Nf8 38. Rc3 Ne6 39. Rd3 Nf8 1/2-1/2

[Event "Titled Tue 24th Jun Early"]
[Site "chess.com INT"]
[Date "2025.06.24"]
[Round "10"]
[White "Young, Cohen"]
[Black "Logozar, Elijah"]
[Result "0-1"]
[WhiteTitle "CM"]
[WhiteElo "2060"]
[BlackElo "1928"]
[WhiteFideId "4317440"]
[BlackFideId "30963788"]
[EventDate "2025.06.24"]

1. e4 c5 2. Nf3 Nc6 3. d4 cxd4 4. Nxd4 Nf6 5. Nc3 h5 6. Be2 e5 7. Ndb5 d6 8. Nd5
Nxd5 9. exd5 Ne7 10. Bxh5 Nf5 11. c4 Qh4 12. Bg4 Kd8 13. g3 Qh7 14. h4 a6 15.
Nc3 Nd4 16. Be3 Nc2+ 17. Kf1 Bxg4 18. Qxg4 Nxa1 19. Bb6+ Ke8 20. Kg2 Nc2 21. f4
Nd4 22. Re1 Be7 23. fxe5 dxe5 24. Rxe5 Qc2+ 25. Kh3 Qd3 26. Qxd4 Qf1+ 27. Kh2
Kf8 28. Rxe7 Kxe7 29. Bc5+ Kd8 30. Qe5 Qf6 31. Qe3 Re8 32. Bb6+ Kd7 33. Ne4 Rxe4
34. Qc5 Re2+ 35. Kg1 Re1+ 36. Kh2 Qxb2+ 37. Kh3 Rh1+ 38. Kg4 Rc8 0-1

[Event "Titled Tue 24th Jun Early"]
[Site "chess.com INT"]
[Date "2025.06.24"]
[Round "10"]
[White "Cernov, Henrik"]
[Black "Pakleza, Zbigniew"]
[Result "0-1"]
[WhiteTitle "FM"]
[BlackTitle "GM"]
[WhiteElo "2325"]
[BlackElo "2484"]
[WhiteFideId "16258312"]
[BlackFideId "1119290"]
[EventDate "2025.06.24"]

1. e4 d6 2. d4 Nf6 3. Nc3 c6 4. Nf3 Bg4 5. h3 Bh5 6. g4 Bg6 7. Qe2 e6 8. h4 h5
9. g5 Nfd7 10. Bh3 Be7 11. d5 cxd5 12. exd5 e5 13. Be3 Na6 14. O-O-O O-O 15. Nd2
Nac5 16. Nf1 b5 17. Nxb5 Qa5 18. Nc3 Rab8 19. Bxd7 Nxd7 20. a3 Rfc8 21. Qe1 Nc5
22. Bxc5 Qxc5 23. Ng3 Bd8 24. Nge4 Qb6 25. b4 Rc4 26. f3 Rbc8 27. Rh2 a5 28. Qg1
Qc7 29. Rd3 Bxe4 30. Nxe4 Rxc2+ 31. Kb1 Rc1+ 32. Qxc1 Qxc1+ 0-1

[Event "Titled Tue 24th Jun Early"]
[Site "chess.com INT"]
[Date "2025.06.24"]
[Round "10"]
[White "Fizer, Marek"]
[Black "Begunov, Konstantin"]
[Result "1-0"]
[WhiteTitle "CM"]
[BlackTitle "FM"]
[WhiteElo "2186"]
[BlackElo "2325"]
[WhiteFideId "391980"]
[BlackFideId "4118510"]
[EventDate "2025.06.24"]

1. e4 g6 2. d4 Bg7 3. Nc3 c6 4. Be3 d5 5. e5 h5 6. Nf3 Bg4 7. h3 Bxf3 8. Qxf3 e6
9. Bd3 a6 10. g4 c5 11. gxh5 Rxh5 12. Rg1 Ne7 13. dxc5 Nbc6 14. Rg5 d4 15. Ne4
dxe3 16. Rxh5 exf2+ 17. Qxf2 gxh5 18. Nd6+ Kd7 19. O-O-O Qf8 20. Be4 Kc7 21. Qe3
Bxe5 22. Qb3 Nc8 23. Qxb7+ Kd8 24. Nxf7+ Ke8 25. Qd7# 1-0

[Event "Titled Tue 24th Jun Early"]
[Site "chess.com INT"]
[Date "2025.06.24"]
[Round "10"]
[White "Terletsky, Oleg"]
[Black "Arakelyan, Manvel"]
[Result "0-1"]
[WhiteTitle "IM"]
[BlackTitle "FM"]
[WhiteElo "2160"]
[BlackElo "2326"]
[WhiteFideId "14116774"]
[BlackFideId "13317415"]
[EventDate "2025.06.24"]

1. e4 c5 2. Nf3 Nc6 3. d4 cxd4 4. Nxd4 Nf6 5. Nc3 e6 6. Ndb5 d6 7. Bf4 e5 8. Bg5
a6 9. Na3 b5 10. Nd5 Be7 11. Bxf6 Bxf6 12. c3 Rb8 13. Nc2 Bg5 14. Be2 Be6 15.
O-O O-O 16. Qd3 a5 17. Rad1 Ne7 18. Nxe7+ Bxe7 19. b3 a4 20. bxa4 bxa4 21. Nb4
Qc8 22. Rb1 Rd8 23. h3 h6 24. Nd5 Bf8 25. Rxb8 Qxb8 26. Rb1 Qa7 27. Qa6 Qc5 28.
Rb5 Qa3 29. Qb6 Rc8 30. Rb2 Bxd5 31. exd5 Qxc3 32. Bg4 Rc5 33. Rb4 a3 34. Ra4 g6
35. Ra8 Qc1+ 36. Kh2 Qf4+ 0-1

[Event "Titled Tue 24th Jun Early"]
[Site "chess.com INT"]
[Date "2025.06.24"]
[Round "10"]
[White "Berg, Vadim Daskevich"]
[Black "Reshetnikov, Alexey"]
[Result "0-1"]
[WhiteTitle "IM"]
[BlackTitle "IM"]
[WhiteElo "2445"]
[BlackElo "2492"]
[WhiteFideId "11601965"]
[BlackFideId "4162080"]
[EventDate "2025.06.24"]

1. e4 c5 2. Nf3 Nc6 3. Bb5 e6 4. O-O Nge7 5. d4 cxd4 6. Nxd4 a6 7. Be2 Nxd4 8.
Qxd4 Nc6 9. Qc3 b5 10. a4 b4 11. Qg3 Bb7 12. Be3 Rc8 13. Nd2 Na5 14. b3 d6 15.
f3 Rxc2 16. Rac1 Qc7 17. Nc4 Rxc1 18. Rxc1 Nxb3 19. Rc2 Nc5 20. e5 dxe5 21. Qf2
b3 22. Rc3 Nxa4 23. Rxb3 Bc5 24. Bxc5 Nxc5 25. Rc3 Nd7 26. Rb3 O-O 27. Qa7 Qc5+
28. Qxc5 Nxc5 29. Rb6 f6 30. Nd6 Bd5 31. Bxa6 Nxa6 32. Rxa6 Ra8 33. Rb6 h5 34.
Nb5 Ra1+ 35. Kf2 Rb1 36. Rb8+ Kh7 37. Rb7 Bxb7 0-1